Personnages Star Wars - Tales Of Jedi - Série D'Animation - Statistiques

Statistiques générales
  • Ce quiz a été pris 75 fois
  • Le résultat moyen est 12 sur 19
Statistiques - réponses
Par images Réponse % Correct
Anakin Skywalker
98%
Mace Windu
98%
Palpatine / Sidious
98%
Qui-Gon Jin
98%
Obi-Wan Kenobi
96%
Dooku / Tyranus
95%
Ahsoka Tano
93%
Bail Organa
93%
Yaddle
91%
Ki-Adi-Mundi
87%
Jocasta Nu
64%
Inquisiteur
44%
Dagonet
25%
Pav-ti Tano
24%
Larik
20%
Gantika
9%
Nak-il Tano
9%
Hanel
5%
Semage
5%
Aucun quiz correspondant
Distribution des résultats
% des personnes avec chaque résultat
Percentile par nombre de réponses
Votre historique - résultats
Vous n’avez pas pris ce quiz